Statistics for Countries that Start with P

Click here to take the quiz!

General Stats

  • This quiz has been taken 27 times
  • The average score is 8 of 9

Answer Stats

Country% Correct
Portugal
96%
Peru
92%
Poland
92%
Pakistan
88%
Philippines
84%
Panama
80%
Papua New Guinea
80%
Palau
76%
Paraguay
64%

Score Distribution

Percentile by Number Answered

Percent of People with Each Score

Your Score History

You have not taken this quiz